Statistics for The Lana Del Rey Quiz

Click here to take the quiz!

General Stats

  • This quiz has been taken 66 times
  • The average score is 11 of 15

Answer Stats

HintAnswer% Correct
Her real first nameElizabeth
97%
Her most sold albumBorn to Die
93%
State in which she was born and raisedNew York
90%
Male artist that featured in “Lust for Life”The Weeknd
90%
Movie for which she sang "Young and Beautiful"The Great Gatsby
88%
Singers she collaborated with in "Don't Call Me Angel"Ariana Grande
88%
Her 2019 album was named after this American painterNorman Rockwell
85%
American rapper that appears in her "National Anthem" music videoASAP Rocky
85%
Song that ranked the highest in Billboard Hot 100Summertime Sadness
83%
Singers she collaborated with in "Don't Call Me Angel"Miley Cyrus
83%
Her debut single which became a viral successVideo Games
83%
Original movie song for which she was nominated in the 2015 Golden GlobesBig Eyes
50%
Nancy Sinatra song she covered with Barrie-James O'Neill from Kassidy in 2013Summer Wine
50%
Actress that inspired her stage nameLana Turner
30%
Her hometown, which also has hosted the Winter Olympics twiceLake Placid
23%

Score Distribution

Percentile by Number Answered

Percent of People with Each Score

Your Score History

You have not taken this quiz